| 000 | 00460nam a2200181Ia 4500 | ||
|---|---|---|---|
| 008 | 180207s9999 xx 000 0 und d | ||
| 020 | _a9781865047997 | ||
| 050 | _bM959 2004 | ||
| 100 | _aMullis, Patricia. | ||
| 245 | _aV for vanishing : | ||
| 245 | _ban alphabet of endangeres animals / | ||
| 245 | _cPatricia Mullins. | ||
| 260 | _aNew York : | ||
| 260 | _bScholastic, | ||
| 260 | _c2004 | ||
| 300 | _aunpaged : | ||
| 300 | _bcolor illustration ; | ||
| 999 |
_c355096 _d355096 |
||